000 00511nam a2200145Ia 4500
008 231129s2011||||xx |||||||||||||| ||spa||
020 _a978-958-707-201-3
040 _bspa
082 _a346.064 B425d
100 _aBelalcázar Erazo Edison Andrés
245 0 _aDerecho de las personas jurí­dicas sin ánimo de lucro : ONG asociaciones corporaciones fundaciones clubes sociales
260 _c2011
264 _aLibrerí­a Ediciones del Profesional
942 _2ddc
_cBKS
999 _c8976
_d8976